Nourriture qui commence par L - Statistiques

Statistiques générales
  • Ce quiz a été pris 283 fois
  • Le résultat moyen est 4 sur 7
Statistiques - réponses
Par images Hint Réponse % Correct
Lait
100%
Lapin
99%
C'est quoi tout c'est chose Légume
92%
_____ chimique Levure
92%
Type de poissons Lotte
27%
Lardon
17%
Langoustine
15%
Aucun quiz correspondant
Distribution des résultats
% des personnes avec chaque résultat
Percentile par nombre de réponses
Votre historique - résultats
Vous n’avez pas pris ce quiz